000 01337nam a2200409 c 4500
001 23337
003 ES-MaCES
005 20141221122834.0
008 101001s2010 sp t 000 | spa d
017 _aV 1648-2010
_bDL
020 _a9788498768190
035 _aCES20100008110m
040 _aES-MaCES
_bspa
_cES-MaCES
100 1 _aAltés Tarrega, Juan Antonio
_96070
245 1 3 _aEl despido objetivo
_cJuan Antonio Altés Tárrega, Ángel Blasco Pellicer, Luis Enrique Nores Torres
260 _aValencia
_bTirant lo Blanch
_c2010
300 _a308 p.
_c22 cm
490 1 _aEnfoque laboral
_v2
504 _aBibliografía: p. 297-308
541 _cCompra
650 4 _adespido
_928352
650 4 _adespido por causas objetivas
_931585
650 4 _aprocedimiento laboral
_930887
650 4 _aimpugnación
_931120
650 4 _asentencia judicial
_929888
650 4 _aderecho jurisprudencial
_929863
650 4 _aderecho del trabajo
_927165
650 4 _aEspaña
_926964
650 4 _arégimen jurídico
_929894
653 1 0 _aDerecho del trabajo y Seguridad Social
700 1 _aNores Torres, Luis Enrique
_919725
700 1 _97896
_aBlasco Pellicer, Ángel
830 0 _aEnfoque laboral
_v2
_934124
902 _aLIB Libro
942 _2CES
_cBK
_h6.0.1.
999 _c23337
_d23337